Administración y seguridad en redes de computadoras (Registro nro. 11409)
[ vista simple ]
| 000 -CABECERA | |
|---|---|
| campo de control de longitud fija | 00719nam a22002537a 4500 |
| 005 - FECHA Y HORA DE ACTUALIZACIÓN | |
| campo de control | 20230613182944.0 |
| 008 - LONGITUD FIJA | |
| campo de control de longitud fija | 181204b2018 xxu||||| |||| 00| 0 spa d |
| 020 ## - INTERNATIONAL STANDARD BOOK NUMBER | |
| Número Internacional Estándar del Libro | 9786075380971 |
| 041 ## - IDIOMA | |
| Código de idioma del texto/pista de sonido o título separado | Español |
| 082 ## - CLASIFICACIÓN DECIMAL DEWEY | |
| Número de clasificación | 004.67 T315ad |
| 100 ## - AUTOR PERSONAL | |
| Nombre de persona | Terán Pérez, David |
| 245 ## - TÍTULO PROPIAMENTE DICHO | |
| Título | Administración y seguridad en redes de computadoras |
| 260 ## - PIE DE IMPRENTA | |
| Lugar de publicación, distribución, etc. | México |
| 260 ## - PIE DE IMPRENTA | |
| Nombre del editor, distribuidor, etc. | Alfaomega |
| 260 ## - PIE DE IMPRENTA | |
| Fecha de publicación, distribución, etc. | 2018 |
| 300 ## - DESCRIPCIÓN FÍSICA | |
| Extensión | 460 páginas |
| 650 ## - Materia General | |
| Materia general | REDES DE COMPUTADORES |
| 650 ## - Materia General | |
| Materia general | SEGURIDAD EN REDES |
| 650 ## - Materia General | |
| Materia general | ADMINISTRACIÓN DE UNA RED |
| 650 ## - Materia General | |
| Materia general | SEGURIDAD INFORMÁTICA |
| 650 ## - Materia General | |
| Materia general | SERVICIOS DE UNA RED |
| 650 ## - Materia General | |
| Materia general | SEGURIDAD BÁSICA |
| 942 ## - Punto de Acceso Adicional Koha | |
| Tipo de ítem Koha | Libro |
| Estado perdido | Estado dañado | No para préstamo | Biblioteca permanente | Biblioteca actual | Signatura completa | Código de barras | Precio efectivo a partir del | Tipo de ítem |
|---|---|---|---|---|---|---|---|---|
| Departamento de Biblioteca y Documentación Alfonso Chase Brenes | Departamento de Biblioteca y Documentación Alfonso Chase Brenes | 004.67 T315ad | 23759 | 04/12/2018 | Libro |